00568nam a2200121Ia 4500008004100000020001800041245009400059260002500153440002000178650001400198650019300212856004100405171212s9999 xx 000 0 und d a9781785331244 ceditor Bryant, RebeccaaPost-Ottoman CoexistencebSharing Space in the Shadow of Conflict bBerghahn Booksc2016 aSpace and Place aSociology aTurkey -- Social conditions -- 20th century; Turkey -- Social conditions -- 21st century; Middle East -- Social conditions -- 20th century; Middle East -- Social conditions -- 21st century uhttp://jstor.org/stable/j.ctt1kgqw2h